Reklámok és annak befolyásoló hatásai
| Szerző: | |
|---|---|
| További közreműködők: | |
| Dokumentumtípus: | Projektmunka |
| Kulcsszavak: | kérdőíves felmérés marketing marketingkommunikáció online reklám reklám |
| Online Access: | http://dolgozattar.uni-bge.hu/59673 |
MARC
| LEADER | 00000nnm a2200000 i 4500 | ||
|---|---|---|---|
| 001 | dolg59673 | ||
| 005 | 20260409145411.0 | ||
| 008 | 260409suuuu hu o 000 hun d | ||
| 040 | |a BGE Dolgozattár Repozitórium |b hun | ||
| 041 | |a hu | ||
| 100 | 1 | |a Sas Ditta | |
| 245 | 1 | 0 | |a Reklámok és annak befolyásoló hatásai |c Sas Ditta |h [elektronikus dokumentum] |
| 516 | |a Project_work | ||
| 520 | 3 | |a A projektmunkám célja felmérni a fogyasztók reklámokkal kapcsolatos véleményeiket, illetve Taylor Swift jelenségének vizsgálata, különös tekintettel arra, hogyan befolyásolja megjelenése és szereplése követőit és nézőit. Swift nem pusztán énekesnő, hanem egy globális ikon, aki zenei, üzleti és kulturális szinten is forradalmasította a popszakmát. Kitartása, sokoldalúsága és a művészet iránti elkötelezettsége inspiráló példát nyújt generációk számára. Sikertörténete jól szemlélteti, hogyan válhat valaki legendává a művészi tehetség, a kemény munka és a stratégiai gondolkodás kombinációjával. | |
| 695 | |a kérdőíves felmérés | ||
| 695 | |a marketing | ||
| 695 | |a marketingkommunikáció | ||
| 695 | |a online reklám | ||
| 695 | |a reklám | ||
| 700 | 1 | |a Sólyomfi Dr. Andrea Hanna |e ths | |
| 856 | 4 | 0 | |u http://dolgozattar.uni-bge.hu/59673/1/Rekl%C3%A1mok%20%C3%A9s%20annak%20befoly%C3%A1sol%C3%B3%20hat%C3%A1sai.pdf |z Dokumentum-elérés |
| 856 | 4 | 0 | |u http://dolgozattar.uni-bge.hu/59673/2/Sas%20Ditta%20Rekl%C3%A1mok%20%C3%A9s%20annak%20befoly%C3%A1sol%C3%B3%20hat%C3%A1sa.pdf |z Dokumentum-elérés |